[Event "Prague Festival Future 2020"]
[Site "Prague"]
[Date "2020.02.18"]
[Round "6.5"]
[White "Klimkowski, Jan"]
[Black "Kanov, Nikola"]
[Result "1-0"]
[WhiteElo "2229"]
[BlackElo "2129"]
[Annotator "TA"]
[PlyCount "129"]
[EventDate "2020.02.12"]
[EventType "tourn"]
[EventCountry "CZE"]
[SourceTitle "playchess.com"]
[Source "ChessBase"]
[SourceQuality "1"]

{[%evp 10,129,29,25,67,74,57,58,60,69,65,35,69,6,58,54,64,80,101,91,118,122,274,274,266,271,271,271,257,274,268,214,214,179,295,296,422,480,422,379,387,387,379,378,499,391,393,374,392,393,380,374,370,375,370,352,416,391,469,454,564,556,549,552,510,475,435,418,600,599,560,496,637,602,1364,1345,1308,1308,1300,1006,1256,1194,29953,6028,29951,12814,7004,7004,4622,2210,29956,29960,29972,29973,29973,29974,29974,29974,29975,29974,29962,29960,29981,29982,29982,29979,29977,29977,29983,0,29984,29985,29986,29985,29997,29986,29986,29987,29987,29988,29989,29990]} 1. e4 e5 2. Nf3 Nc6 3. Bb5 d6 4. d4 exd4 5. Nxd4 Bd7 6. Nc3 a6 {C62: Ruy Lopez: Steinitz Defence.} 7. Nxc6 bxc6 8. Bc4 Nf6 {White is slightly better.} 9. O-O $40 {[%mdl 128] White mounts an attack.} Be7 10. f4 O-O {[#]} 11. Qf3 $146 (11. Be2 $14) ({Predecessor:} 11. h3 Qc8 12. e5 Ne8 13. Be3 d5 14. Bd3 Bf5 15. g4 Bxd3 16. Qxd3 Rb8 17. b3 {1-0 (52) De Arco,L (2247)-Vallejo,S Pamplona 2012}) 11... Be6 (11... d5 $1 $11 12. exd5 Bc5+ 13. Kh1 cxd5 14. Nxd5 Bc6 15. Nxf6+ Qxf6) 12. Bd3 $14 Nd7 13. Be3 f6 14. Rae1 Bf7 15. Qh3 Re8 $2 (15... g6 $16 {was necessary.}) 16. e5 $1 $18 Nf8 {[#]} 17. e6 $1 {[%cal Re6f7][%mdl 512]} Bxe6 {[#]} 18. Bxh7+ $1 {[%mdl 576] Deflection} Nxh7 19. Qxe6+ Kf8 20. Qe4 f5 21. Qxf5+ Nf6 (21... Kg8 $142 22. Qe6+ Kh8) 22. Bd4 {And now Ne4 would win.} c5 (22... Kg8 $142 23. Re6 Rf8) 23. Bxf6 Bxf6 24. Nd5 c6 25. Rxe8+ Kxe8 26. Re1+ Kf7 27. Qe6+ Kf8 28. Nxf6 Qxf6 29. Qxf6+ gxf6 {[%mdl 4096] Endgame KR-KR} 30. Re6 {[%mdl 64] Double Attack} Rd8 31. Rxf6+ Ke7 32. Rh6 c4 33. Kf2 c5 34. b3 cxb3 35. axb3 c4 36. Rh7+ Ke6 37. Ra7 cxb3 38. cxb3 Rb8 (38... Rh8 $142 39. Kg3 Rg8+ 40. Kf3 Rb8) 39. Rxa6 Rxb3 40. Ra5 d5 41. g4 d4 42. Re5+ Kd6 43. h4 Rb2+ 44. Kf3 d3 45. Ke4 Rb4+ 46. Kxd3 Rxf4 47. Re4 Rf3+ 48. Kd4 Ra3 49. h5 Rh3 50. Re8 Rh4 51. Rg8 Ke6 52. Ke4 Kf7 53. Rg6 Rh1 54. Kf4 Ra1 55. Kg5 Ra5+ 56. Kh6 Ra1 57. Rb6 Ra8 58. Rb7+ Kg8 59. Rb6 $2 (59. g5 {mates} Rc8 60. g6 Ra8 61. Rb6 Kf8 62. g7+ Kf7 63. Kh7 Re8 64. h6) 59... Rc8 $2 {[%mdl 8192]} (59... Kf7 $11 60. Kh7 Ra5) 60. g5 {White mates.} Kh8 61. Rb7 Rc6+ 62. g6 Rc8 63. Rb5 Kg8 64. Kg5 Ra8 65. h6 {Accuracy: White = 87%, Black = 51%.} 1-0

[Event "Prague Festival Future 2020"]
[Site "Prague"]
[Date "2020.02.19"]
[Round "7.1"]
[White "Nemec, Jachym"]
[Black "Brozka, Karel"]
[Result "1-0"]
[WhiteElo "2069"]
[BlackElo "2045"]
[Annotator "NA"]
[PlyCount "57"]
[EventDate "2020.02.12"]
[EventType "tourn"]
[EventCountry "CZE"]
[SourceTitle "playchess.com"]
[Source "ChessBase"]
[SourceQuality "1"]
[TimeControl "40/5400+30:1800+30"]

1. e4 {[%emt 0:00:00]} e6 {[%emt 0:00:00]} 2. d4 {[%emt 0:00:00]} d5 {[%emt 0:00:00]} 3. Nd2 {[%emt 0:01:31]} Be7 {[%emt 0:00:47]} 4. Bd3 {[%emt 0:02:11]} c5 {[%emt 0:02:10]} 5. dxc5 {[%emt 0:00:44]} Bxc5 {[%emt 0:04:55]} 6. exd5 {[%emt 0:01:41]} exd5 {[%emt 0:02:40]} 7. Ngf3 {[%emt 0:00:56]} Nf6 {[%emt 0:00:35]} 8. O-O {[%emt 0:00:15]} O-O {[%emt 0:00:08]} 9. Nb3 {[%emt 0:00:52]} Bd6 {[%emt 0:02:07]} 10. Bg5 {[%emt 0:04:22]} Bg4 {[%emt 0:01:21]} 11. c3 {[%emt 0:03:07]} Nc6 {[%emt 0:06:22]} 12. Bc2 {[%emt 0:03:31]} Ne5 {[%emt 0:10:32]} 13. Nbd4 {[%emt 0:02:53]} h6 {[%emt 0:03:34]} 14. Bh4 {[%emt 0:01:08]} g5 {[%emt 0:07:06]} 15. Bg3 {[%emt 0:01:07]} Ne4 {[%emt 0:04:03]} 16. Bxe5 {[%emt 0:04:39]} Bxe5 {[%emt 0:00:28]} 17. Qd3 {[%emt 0:19:54]} Bg7 {[%emt 0:10:03]} 18. Nd2 {[%emt 0:09:51]} Bh5 {[%emt 0:12:44]} 19. Nxe4 {[%emt 0:08:31]} dxe4 {[%emt 0:01:08]} 20. Qxe4 {[%emt 0:00:19]} Bg6 {[%emt 0:00:52]} 21. Qxb7 {[%emt 0:02:30]} Bxc2 {[%emt 0:09:45]} 22. Nxc2 {[%emt 0:00:09]} Qd2 {[%emt 0:00:27]} 23. Ne3 {[%emt 0:03:43]} Rfb8 {[%emt 0:01:57]} 24. Qc6 {[%emt 0:01:39]} Qxb2 {[%emt 0:00:56]} 25. Nd5 {[%emt 0:01:55]} Qb7 {[%emt 0:02:12]} 26. Qc4 {[%emt 0:04:27]} Rd8 {[%emt 0:00:55]} 27. Rad1 {[%emt 0:00:22]} Rac8 {[%emt 0:00:19]} 28. Qe4 {[%emt 0:00:26]} Re8 {[%emt 0:01:20]} 29. Nf6+ {[%emt 0:00:10]} 1-0

[Event "Prague Festival Future 2020"]
[Site "Prague"]
[Date "2020.02.19"]
[Round "7.2"]
[White "Vagman, Roy"]
[Black "Nadzamova, Viktoria"]
[Result "0-1"]
[WhiteElo "2141"]
[BlackElo "1960"]
[Annotator "NA"]
[PlyCount "70"]
[EventDate "2020.02.12"]
[EventType "tourn"]
[EventCountry "CZE"]
[SourceTitle "playchess.com"]
[Source "ChessBase"]
[SourceQuality "1"]
[TimeControl "40/5400+30:1800+30"]

1. e4 {[%emt 0:00:00]} c5 {[%emt 0:00:00]} 2. Ne2 {[%emt 0:00:24]} e6 {[%emt 0:00:52]} 3. d4 {[%emt 0:00:46]} cxd4 {[%emt 0:00:07]} 4. Nxd4 {[%emt 0:00:16]} a6 {[%emt 0:00:11]} 5. Nc3 {[%emt 0:00:58]} Qc7 {[%emt 0:00:19]} 6. Bd3 {[%emt 0:01:16]} Nf6 {[%emt 0:00:30]} 7. Qe2 {[%emt 0:01:24]} d6 {[%emt 0:04:24]} 8. f4 {[%emt 0:01:06]} Nbd7 {[%emt 0:00:49]} 9. g4 {[%emt 0:19:26]} Nc5 {[%emt 0:05:31]} 10. g5 {[%emt 0:08:39]} Nxd3+ {[%emt 0:01:04]} 11. cxd3 {[%emt 0:00:17]} Nd7 {[%emt 0:00:57]} 12. Bd2 {[%emt 0:09:04]} Be7 {[%emt 0:04:38]} 13. Rc1 {[%emt 0:02:03]} Qd8 {[%emt 0:06:46]} 14. h4 {[%emt 0:06:25]} h6 {[%emt 0:02:50]} 15. Kf2 {[%emt 0:09:10]} Nc5 {[%emt 0:05:27]} 16. b4 {[%emt 0:04:57]} Nd7 {[%emt 0:00:48]} 17. a3 {[%emt 0:03:41]} b5 {[%emt 0:04:29]} 18. Qh5 {[%emt 0:20:27]} g6 {[%emt 0:02:40]} 19. Qf3 {[%emt 0:01:01]} Bb7 {[%emt 0:01:04]} 20. h5 {[%emt 0:00:59]} e5 {[%emt 0:05:18]} 21. Nde2 {[%emt 0:04:47]} exf4 {[%emt 0:03:42]} 22. hxg6 {[%emt 0:01:58]} fxg6 {[%emt 0:03:09]} 23. d4 {[%emt 0:01:49]} Bxg5 {[%emt 0:01:12]} 24. Nd5 {[%emt 0:00:01]} Bxd5 {[%emt 0:01:47]} 25. exd5 {[%emt 0:00:02]} O-O {[%emt 0:00:25]} 26. Rc6 {[%emt 0:01:27]} Qf6 {[%emt 0:00:42]} 27. Rhc1 {[%emt 0:00:35]} Rae8 {[%emt 0:03:09]} 28. Rxa6 {[%emt 0:00:19]} Re3 {[%emt 0:00:18]} 29. Qg4 {[%emt 0:00:39]} Rd3 {[%emt 0:02:37]} 30. Qxd7 {[%emt 0:00:32]} Rxd2 {[%emt 0:00:09]} 31. Rxd6 {[%emt 0:00:30]} Qxd4+ {[%emt 0:01:34]} 32. Kf1 {[%emt 0:00:01]} Rd1+ {[%emt 0:00:44]} 33. Rxd1 {[%emt 0:00:19]} Qxd1+ {[%emt 0:00:04]} 34. Kf2 {[%emt 0:00:38]} Bh4+ {[%emt 0:00:04]} 35. Kf3 {[%emt 0:00:54]} Qh1+ {[%emt 0:00:46]} 0-1

[Event "Prague Festival Future 2020"]
[Site "Prague"]
[Date "2020.02.19"]
[Round "7.3"]
[White "Finek, Vaclav"]
[Black "Gurel, Ediz"]
[Result "1/2-1/2"]
[WhiteElo "2220"]
[BlackElo "2125"]
[Annotator "NA"]
[PlyCount "94"]
[EventDate "2020.02.12"]
[EventType "tourn"]
[EventCountry "CZE"]
[SourceTitle "playchess.com"]
[Source "ChessBase"]
[SourceQuality "1"]
[TimeControl "40/5400+30:1800+30"]

1. Nf3 {[%emt 0:00:00]} c5 {[%emt 0:00:00]} 2. c4 {[%emt 0:00:00]} Nf6 {[%emt 0:00:25]} 3. g3 {[%emt 0:00:00]} b6 {[%emt 0:00:24]} 4. Bg2 {[%emt 0:00:00]} Bb7 {[%emt 0:00:03]} 5. O-O {[%emt 0:00:07]} g6 {[%emt 0:00:38]} 6. Nc3 {[%emt 0:00:27]} Bg7 {[%emt 0:00:22]} 7. Re1 {[%emt 0:00:50]} O-O {[%emt 0:03:29]} 8. e4 {[%emt 0:00:24]} d6 {[%emt 0:00:04]} 9. d4 {[%emt 0:00:15]} Nfd7 {[%emt 0:05:42]} 10. d5 {[%emt 0:01:04]} a6 {[%emt 0:01:35]} 11. Qe2 {[%emt 0:03:28]} b5 {[%emt 0:03:50]} 12. cxb5 {[%emt 0:03:48]} axb5 {[%emt 0:00:07]} 13. Qxb5 {[%emt 0:00:24]} Ba6 {[%emt 0:03:46]} 14. Qa4 {[%emt 0:00:35]} Nb6 {[%emt 0:01:03]} 15. Qc2 {[%emt 0:00:29]} N8d7 {[%emt 0:00:23]} 16. b3 {[%emt 0:03:02]} Qc7 {[%emt 0:04:29]} 17. Bb2 {[%emt 0:02:16]} Rfb8 {[%emt 0:04:26]} 18. Nd1 {[%emt 0:03:22]} Nf6 {[%emt 0:05:02]} 19. Ne3 {[%emt 0:04:44]} Qa7 {[%emt 0:07:00]} 20. Nd2 {[%emt 0:04:42]} Nfd7 {[%emt 0:06:48]} 21. Bxg7 {[%emt 0:00:45]} Kxg7 {[%emt 0:00:01]} 22. f4 {[%emt 0:01:51]} h6 {[%emt 0:11:54]} 23. Qc3+ {[%emt 0:02:38]} Kh7 {[%emt 0:00:32]} 24. e5 {[%emt 0:04:29]} c4 {[%emt 0:04:19]} 25. e6 {[%emt 0:08:34]} Nf6 {[%emt 0:03:09]} 26. Kh1 {[%emt 0:05:32]} Bb7 {[%emt 0:08:24]} 27. bxc4 {[%emt 0:07:43]} fxe6 {[%emt 0:04:15]} 28. Nc2 {[%emt 0:06:57]} Na4 {[%emt 0:03:28]} 29. Qd4 {[%emt 0:06:25]} Nc5 {[%emt 0:03:17]} 30. Nb3 {[%emt 0:08:57]} Nxb3 {[%emt 0:02:10]} 31. axb3 {[%emt 0:00:02]} Qxd4 {[%emt 0:00:28]} 32. Nxd4 {[%emt 0:00:01]} Rxa1 {[%emt 0:00:53]} 33. Rxa1 {[%emt 0:00:01]} exd5 {[%emt 0:01:00]} 34. Re1 {[%emt 0:02:05]} Re8 {[%emt 0:02:28]} 35. Nb5 {[%emt 0:02:20]} Kg7 {[%emt 0:03:02]} 36. Nc7 {[%emt 0:06:42]} Rc8 {[%emt 0:00:07]} 37. Nxd5 {[%emt 0:00:08]} Nxd5 {[%emt 0:02:01]} 38. Bxd5 {[%emt 0:01:51]} Bxd5+ {[%emt 0:00:05]} 39. cxd5 {[%emt 0:00:01]} Kf6 {[%emt 0:00:50]} 40. b4 {[%emt 0:00:00]} Rb8 {[%emt 0:00:00]} 41. Re6+ {[%emt 0:02:57]} Kf7 {[%emt 0:03:42]} 42. Re4 {[%emt 0:00:11]} Ra8 {[%emt 0:01:24]} 43. Rd4 {[%emt 0:00:57]} Ra2 {[%emt 0:01:33]} 44. Kg1 {[%emt 0:06:30]} h5 {[%emt 0:02:12]} 45. h3 {[%emt 0:01:15]} Kf6 {[%emt 0:02:14]} 46. g4 {[%emt 0:03:26]} h4 {[%emt 0:02:12]} 47. f5 {[%emt 0:03:28]} Ke5 {[%emt 0:08:24]} 1/2-1/2

[Event "Prague Festival Future 2020"]
[Site "Prague"]
[Date "2020.02.19"]
[Round "7.4"]
[White "Kanov, Nikola"]
[Black "Aydin, Gulenay"]
[Result "1/2-1/2"]
[WhiteElo "2129"]
[BlackElo "1964"]
[Annotator "ChessBase"]
[PlyCount "162"]
[EventDate "2020.02.12"]
[EventType "tourn"]
[EventCountry "CZE"]
[SourceTitle "playchess.com"]
[Source "ChessBase"]
[SourceQuality "1"]
[TimeControl "40/5400+30:1800+30"]

1. e4 {[%emt 0:00:00]} c5 {[%emt 0:00:00]} 2. Nf3 {[%emt 0:00:00]} d6 {[%emt 0:00:00]} 3. d4 {[%emt 0:00:00]} cxd4 {[%emt 0:00:00]} 4. Nxd4 {[%emt 0:00:06]} Nf6 {[%emt 0:00:00]} 5. Nc3 {[%emt 0:00:10]} g6 {[%emt 0:00:04]} 6. f4 {[%emt 0:00:23]} Nc6 {[%emt 0:02:00]} 7. Nxc6 {[%emt 0:00:35]} bxc6 {[%emt 0:00:04]} 8. e5 {[%emt 0:00:23]} Nd7 {[%emt 0:06:39]} 9. exd6 {[%emt 0:00:38]} exd6 {[%emt 0:00:06]} 10. Be3 {[%emt 0:00:30]} Be7 {[%emt 0:05:27]} 11. Qd2 {[%emt 0:01:07]} O-O {[%emt 0:01:00]} 12. Be2 {[%emt 0:00:44]} Re8 {[%emt 0:05:04]} 13. O-O {[%emt 0:04:09]} Bf8 {[%emt 0:03:42]} 14. Bf3 {[%emt 0:07:13]} d5 {[%emt 0:07:05]} 15. Kh1 {[%emt 0:06:04]} a5 {[%emt 0:04:11]} 16. Qf2 {[%emt 0:26:02]} Rb8 {[%emt 0:02:52]} 17. Na4 {[%emt 0:02:49]} Ba6 {[%emt 0:03:36]} 18. Rfe1 {[%emt 0:02:57]} Qc7 {[%emt 0:05:39]} 19. g3 {[%emt 0:09:10]} Bb5 {[%emt 0:10:05]} 20. Nc3 {[%emt 0:01:43]} Ba6 {[%emt 0:03:25]} 21. Bd4 {[%emt 0:05:32]} Bb7 {[%emt 0:05:43]} 22. Be3 {[%emt 0:21:55]} Ba8 {[%emt 0:13:28]} 23. Rab1 {[%emt 0:01:40]} Qd6 {[%emt 0:03:04]} 24. Ne2 {[%emt 0:02:40]} Nf6 {[%emt 0:02:06]} 25. f5 {[%emt 0:00:53]} Qd7 {[%emt 0:03:58]} 26. fxg6 {[%emt 0:01:04]} hxg6 {[%emt 0:00:11]} 27. Bd4 {[%emt 0:01:02]} Bg7 {[%emt 0:02:42]} 28. Nf4 {[%emt 0:00:43]} c5 {[%emt 0:06:51]} 29. Bxf6 {[%emt 0:01:17]} Bxf6 {[%emt 0:00:06]} 30. Rxe8+ {[%emt 0:00:23]} Rxe8 {[%emt 0:02:28]} 31. Qxc5 {[%emt 0:00:39]} d4 {[%emt 0:00:57]} 32. Bxa8 {[%emt 0:00:51]} Rxa8 {[%emt 0:00:02]} 33. Qd5 {[%emt 0:01:22]} Qe8 {[%emt 0:00:30]} 34. Rf1 {[%emt 0:00:24]} Kg7 {[%emt 0:01:05]} 35. Qf3 {[%emt 0:00:33]} Ra7 {[%emt 0:01:56]} 36. Nh5+ {[%emt 0:01:12]} gxh5 {[%emt 0:00:12]} 37. Qxf6+ {[%emt 0:00:01]} Kh7 {[%emt 0:01:34]} 38. Qf5+ {[%emt 0:00:51]} Kh6 {[%emt 0:00:30]} 39. Qf4+ {[%emt 0:00:51]} Kh7 {[%emt 0:00:08]} 40. Qxd4 {[%emt 0:00:00]} Rd7 {[%emt 0:00:00]} 41. Qf4 {[%emt 0:02:05]} Qe7 {[%emt 0:09:11]} 42. Qf5+ {[%emt 0:01:58]} Kg8 {[%emt 0:00:11]} 43. Rf2 {[%emt 0:09:28]} Rd2 {[%emt 0:14:23]} 44. Rxd2 {[%emt 0:08:26]} Qe1+ {[%emt 0:00:03]} 45. Kg2 {[%emt 0:00:05]} Qxd2+ {[%emt 0:00:04]} 46. Kh3 {[%emt 0:00:04]} a4 {[%emt 0:02:22]} 47. a3 {[%emt 0:02:05]} Qc1 {[%emt 0:01:01]} 48. Qc8+ {[%emt 0:00:58]} Kg7 {[%emt 0:01:39]} 49. Qc3+ {[%emt 0:00:06]} Kg8 {[%emt 0:00:23]} 50. Kh4 {[%emt 0:04:59]} Qd1 {[%emt 0:02:54]} 51. Qc8+ {[%emt 0:02:10]} Kg7 {[%emt 0:00:40]} 52. Qf5 {[%emt 0:01:47]} f6 {[%emt 0:01:01]} 53. Kh3 {[%emt 0:01:29]} Qd4 {[%emt 0:01:25]} 54. Qxh5 {[%emt 0:00:37]} Qxb2 {[%emt 0:00:09]} 55. Qg4+ {[%emt 0:00:00]} Kf7 {[%emt 0:01:18]} 56. Qxa4 {[%emt 0:00:12]} Qc1 {[%emt 0:00:03]} 57. Qb3+ {[%emt 0:00:07]} Kg7 {[%emt 0:01:16]} 58. Qd3 Qh6+ {[%emt 0:01:00]} 59. Kg2 {[%emt 0:00:13]} Qc1 {[%emt 0:00:06]} 60. a4 {[%emt 0:01:18]} Qb1 {[%emt 0:00:50]} 61. Qe4 {[%emt 0:03:00]} Qc1 {[%emt 0:00:23]} 62. Qg4+ {[%emt 0:00:35]} Kf7 {[%emt 0:00:45]} 63. Qc4+ {[%emt 0:00:14]} Kg7 {[%emt 0:00:51]} 64. Kh3 {[%emt 0:00:34]} Qd2 {[%emt 0:00:40]} 65. Qc7+ {[%emt 0:00:41]} Kg6 {[%emt 0:00:07]} 66. Qc4 {[%emt 0:00:20]} Kg7 {[%emt 0:00:32]} 67. Qd3 {[%emt 0:00:14]} Qa5 {[%emt 0:00:51]} 68. Qd7+ {[%emt 0:00:28]} Kh6 {[%emt 0:00:43]} 69. Qe6 {[%emt 0:00:47]} Kg7 {[%emt 0:00:28]} 70. Qg4+ {[%emt 0:00:13]} Kh6 {[%emt 0:00:33]} 71. Kh4 {[%emt 0:00:33]} Qc3 {[%emt 0:00:19]} 72. Qf4+ {[%emt 0:00:33]} Kg7 {[%emt 0:00:31]} 73. Qf5 {[%emt 0:00:20]} Qd2 {[%emt 0:00:36]} 74. h3 {[%emt 0:01:01]} Qh6+ {[%emt 0:00:15]} 75. Qh5 {[%emt 0:00:37]} Qd2 {[%emt 0:00:17]} 76. a5 {[%emt 0:00:20]} Qxc2 {[%emt 0:00:32]} 77. a6 {[%emt 0:00:05]} Kf8 {[%emt 0:00:47]} 78. Qh8+ {[%emt 0:01:02]} Kf7 {[%emt 0:00:22]} 79. a7 {[%emt 0:00:33]} Qe4+ {[%emt 0:00:23]} 80. g4 {[%emt 0:00:28]} Qe1+ {[%emt 0:00:07]} 81. Kh5 {[%emt 0:00:29]} Qe5+ {[%emt 0:00:05]} 1/2-1/2

[Event "Prague Festival Future 2020"]
[Site "Prague"]
[Date "2020.02.19"]
[Round "7.5"]
[White "Chinguun Bayaraa"]
[Black "Klimkowski, Jan"]
[Result "1/2-1/2"]
[WhiteElo "2049"]
[BlackElo "2229"]
[Annotator "NA"]
[PlyCount "116"]
[EventDate "2020.02.12"]
[EventType "tourn"]
[EventCountry "CZE"]
[SourceTitle "playchess.com"]
[Source "ChessBase"]
[SourceQuality "1"]
[TimeControl "40/5400+30:1800+30"]

1. Nf3 {[%emt 0:00:00]} Nf6 {[%emt 0:00:00]} 2. d4 {[%emt 0:00:19]} g6 {[%emt 0:00:00]} 3. c4 {[%emt 0:00:04]} Bg7 {[%emt 0:00:00]} 4. Nc3 {[%emt 0:00:06]} O-O {[%emt 0:00:00]} 5. e4 {[%emt 0:00:08]} d6 {[%emt 0:00:26]} 6. Be2 {[%emt 0:00:05]} e5 {[%emt 0:00:05]} 7. O-O {[%emt 0:00:12]} Nc6 {[%emt 0:00:00]} 8. d5 {[%emt 0:00:25]} Ne7 {[%emt 0:00:00]} 9. Ne1 {[%emt 0:00:07]} Ne8 {[%emt 0:00:00]} 10. Nd3 {[%emt 0:00:39]} f5 {[%emt 0:00:00]} 11. f3 {[%emt 0:00:37]} Nf6 {[%emt 0:00:05]} 12. Bd2 {[%emt 0:00:52]} f4 {[%emt 0:00:54]} 13. Rc1 {[%emt 0:02:30]} g5 {[%emt 0:00:52]} 14. c5 {[%emt 0:00:07]} Ng6 {[%emt 0:01:33]} 15. cxd6 {[%emt 0:00:43]} cxd6 {[%emt 0:00:07]} 16. Nf2 {[%emt 0:00:36]} Rf7 {[%emt 0:03:20]} 17. Qb3 {[%emt 0:00:54]} Bf8 {[%emt 0:00:50]} 18. Nb5 {[%emt 0:00:08]} h5 {[%emt 0:03:02]} 19. h3 {[%emt 0:00:42]} Rh7 {[%emt 0:03:10]} 20. Qc2 {[%emt 0:16:09]} Bd7 {[%emt 0:13:39]} 21. Qb3 {[%emt 0:12:39]} g4 {[%emt 0:07:54]} 22. fxg4 {[%emt 0:05:01]} hxg4 {[%emt 0:00:13]} 23. hxg4 {[%emt 0:00:27]} Ne8 {[%emt 0:12:02]} 24. Rc3 {[%emt 0:02:11]} Bh6 {[%emt 0:02:56]} 25. Be1 {[%emt 0:03:37]} a6 {[%emt 0:01:20]} 26. Na3 {[%emt 0:00:39]} b5 {[%emt 0:00:20]} 27. Bf3 {[%emt 0:24:07]} Nf6 {[%emt 0:09:44]} 28. Rc2 {[%emt 0:02:09]} Bf8 {[%emt 0:06:00]} 29. Rc1 {[%emt 0:07:33]} Qb6 {[%emt 0:03:15]} 30. Nc4 {[%emt 0:03:34]} Qa7 {[%emt 0:01:13]} 31. Na5 {[%emt 0:00:23]} Bxg4 {[%emt 0:01:49]} 32. Nc6 {[%emt 0:01:30]} Qd7 {[%emt 0:00:14]} 33. Nxg4 {[%emt 0:03:28]} Nxg4 {[%emt 0:00:11]} 34. Bxg4 {[%emt 0:00:04]} Qxg4 {[%emt 0:00:15]} 35. Rf3 {[%emt 0:00:43]} Bh6 {[%emt 0:04:25]} 36. Rcc3 {[%emt 0:08:28]} Rg7 {[%emt 0:01:19]} 37. Qc2 {[%emt 0:00:58]} Kh7 {[%emt 0:01:25]} 38. Rh3 {[%emt 0:01:01]} Rag8 {[%emt 0:02:08]} 39. Rh2 {[%emt 0:02:08]} f3 {[%emt 0:03:16]} 40. Rxf3 {[%emt 0:00:00]} Qxf3 {[%emt 0:00:00]} 41. gxf3 {[%emt 0:05:28]} Nf4+ {[%emt 0:07:25]} 42. Kf2 {[%emt 0:01:06]} Rg2+ {[%emt 0:00:13]} 43. Ke3 {[%emt 0:00:09]} Nxd5+ {[%emt 0:04:52]} 44. Kd3 {[%emt 0:00:27]} Nf4+ {[%emt 0:00:46]} 45. Kc3 {[%emt 0:00:43]} Rxc2+ {[%emt 0:00:04]} 46. Rxc2 {[%emt 0:00:05]} Rc8 {[%emt 0:00:04]} 47. Kb3 {[%emt 0:01:22]} Ne6 {[%emt 0:01:03]} 48. Bf2 {[%emt 0:04:33]} Ng5 {[%emt 0:02:30]} 49. Ne7 {[%emt 0:06:08]} Rxc2 {[%emt 0:00:47]} 50. Kxc2 {[%emt 0:00:13]} Nxf3 {[%emt 0:00:17]} 51. Nd5 {[%emt 0:00:49]} Ng5 {[%emt 0:01:40]} 52. Kd3 {[%emt 0:00:33]} Ne6 {[%emt 0:00:17]} 53. Nb4 {[%emt 0:00:42]} a5 {[%emt 0:03:06]} 54. Nc6 {[%emt 0:00:32]} Nf4+ {[%emt 0:03:03]} 55. Kc2 {[%emt 0:03:59]} a4 {[%emt 0:01:10]} 56. a3 {[%emt 0:01:23]} d5 {[%emt 0:02:28]} 57. exd5 {[%emt 0:01:22]} Nxd5 {[%emt 0:00:03]} 58. Nxe5 {[%emt 0:00:07]} b4 {[%emt 0:00:05]} 1/2-1/2

[Event "Prague Festival Future 2020"]
[Site "Prague"]
[Date "2020.02.20"]
[Round "8.1"]
[White "Aydin, Gulenay"]
[Black "Chinguun Bayaraa"]
[Result "1-0"]
[WhiteElo "1964"]
[BlackElo "2049"]
[Annotator "TA"]
[PlyCount "97"]
[EventDate "2020.02.12"]
[EventType "tourn"]
[EventCountry "CZE"]
[SourceTitle "playchess.com"]
[Source "ChessBase"]
[SourceQuality "1"]

{[%evp 27,97,61,48,23,60,30,50,43,49,54,37,54,29,52,18,17,51,21,10,17,162,160,149,155,152,152,197,125,229,227,347,343,350,325,337,308,462,454,472,462,457,459,445,439,660,625,633,629,564,75,569,593,583,547,562,527,537,449,985,754,682,645,658,658,29958,8193,6095,7539,4132,1495,29998,29999]} 1. e4 c5 2. Nf3 d6 3. d4 cxd4 4. Nxd4 Nf6 5. Nc3 a6 6. f3 e5 7. Nb3 Be6 8. Be3 Be7 9. Qd2 O-O 10. O-O-O Nbd7 11. g4 b5 12. g5 b4 13. Ne2 Ne8 14. f4 a5 15. f5 {B90: Sicilian Najdorf: Unusual White 6th moves, 6 Be3 Ng4 and 6 Be3 e5.} a4 16. Nbd4 $1 {[%cal Rd4c6] Strongly threatening Nc6.} exd4 17. Nxd4 {[#] And now Nc6 would win.White is slightly better.} b3 $1 18. Kb1 $1 {Nc6 is the strong threat.} (18. axb3 axb3) 18... bxc2+ 19. Nxc2 {[#]} Bb3 $1 {[%mdl 512]} 20. axb3 axb3 21. Na3 $1 Ne5 22. Qg2 Qb8 23. Bf4 {[#]} Qb7 $146 {Black is on the road to losing.} (23... Bd8 $11 {and Black has nothing to worry.}) ({Predecessor:} 23... Ra4 24. f6 Bd8 25. Bxe5 dxe5 26. Bb5 Rxa3 27. bxa3 {½-½ (27) Moll,R (2622)-Finocchiaro,F (2621) ICCF email 2013}) 24. f6 $1 $36 {[%mdl 2048] White is in control.} Bd8 25. Bxe5 $1 dxe5 26. Bc4 Rb8 27. h4 (27. Rd3 $18) 27... Bb6 (27... Kh8 $16) 28. Rh3 (28. Bxb3 Bd4 $14) 28... Qc7 (28... Bc5 $142 29. Rxb3 Qc7 30. Rxb8 Qxb8) 29. h5 (29. Bxb3 Bc5 $16) (29. Rxb3 Bc5 $18) 29... Kh8 30. fxg7+ ({Much less strong is} 30. Bxb3 gxf6 31. g6 Qe7 $18) (30. Rxb3 Bc5 $18) 30... Nxg7 31. g6 ({Resist} 31. Bxb3 Ne6 $18) 31... Rbd8 (31... Ne6 $142 32. Rxb3 Qe7 33. gxf7 Bd4) 32. Rxd8 Qxd8 {[%cal Rd8d1]} 33. Bxb3 fxg6 34. hxg6 {[%csl Gg6][%cal Rh3h7]} h5 35. Qg4 Qc7 (35... Qd3+ $142 36. Ka2 (36. Rxd3 hxg4 37. Nc4 Bd4 $16) 36... Qe3 37. Rxh5+ Nxh5) 36. Rxh5+ Nxh5 37. Qxh5+ Kg7 38. Qh7+ Kf6 {[#]} 39. g7 $1 {[%cal Rg7f8][%mdl 512]} Qxg7 40. Qf5+ Ke7 41. Qe6+ {[%mdl 64] Double Attack} Kd8 42. Qd6+ Kc8 (42... Ke8 $142 43. Qxb6 Rf1+ 44. Ka2 Qg1 45. Qb8+ Kd7 46. Qb5+ Kd8 47. Qa5+ Ke7 48. Qxe5+ Kd8 49. Qa5+ Ke7) 43. Qxb6 {White wants to mate with Be6+.} Qc7 44. Qa6+ Kd8 45. Nb5 Rf1+ 46. Ka2 Qc5 47. Nd6 {Threatening mate with Nb7+.} Qc1 48. Nf7+ {[%mdl 64] Double Attack} Kc7 49. Qa7+ {Accuracy: White = 92%, Black = 48%.} 1-0